| 000 | 00542nam a2200181Ia 4500 | ||
|---|---|---|---|
| 008 | 090124s9999 xx 000 0 und d | ||
| 082 | _b8244 | ||
| 100 | _aएकबोटे वसंत | ||
| 245 | _a अवती भवती | ||
| 250 | _a2 | ||
| 260 |
_b"दीपक प्रकाशन,सोलापुर" _c1976 |
||
| 300 | _a117 | ||
| 600 | _aएकबोटे वसंत | ||
| 630 | _a अवती भवती | ||
| 700 | _aएकबोटे वसंत | ||
| 730 | _a अवती भवती | ||
| 942 | _cBOOK | ||
| 999 |
_c85566 _d85566 |
||